Refranero internacional de la música y de la danza / por J. Ricart Matas ; prólogo por el Dr. Tomás Carreras y Artau
Publicado:
Barcelona :
Consejo Superior de Investigaciones Científicas, Archivo de Etnografía y Folklore de Cataluña ,
1950
Descripción Física:
XV, 374 p. ; 25 cm
Otros Autores:
Carreras i Artau, Tomàs, pr
MARC
| LEADER | 00000nam a2200000Ia 4500 | ||
|---|---|---|---|
| 001 | 8457 | ||
| 003 | BGR | ||
| 005 | 20260324175236.0 | ||
| 008 | 160829s1950 xx 000 0 cat d | ||
| 080 | |a M-1-254 | ||
| 100 | |a Ricart Matas, Josep |9 22844 | ||
| 245 | |a Refranero internacional de la música y de la danza / por J. Ricart Matas ; prólogo por el Dr. Tomás Carreras y Artau | ||
| 260 | |a Barcelona : |b Consejo Superior de Investigaciones Científicas, Archivo de Etnografía y Folklore de Cataluña, |c 1950 | ||
| 300 | |a XV, 374 p. ; |c 25 cm | ||
| 650 | |a Proverbis |9 22845 | ||
| 650 | |a Música |x Citacions, màximes, etc. |9 22846 | ||
| 650 | |a Dansa |x Citacions, màximes, etc. |9 22847 | ||
| 700 | |a Carreras i Artau, Tomàs, pr. |9 22848 | ||
| 710 | 2 | |a Consejo Superior de Investigaciones Científicas (CSIC) (Espanya) |9 53988 | |
| 710 | 2 | |a Arxiu d'Etnografia i Folklore de Catalunya |9 70404 | |
| 901 | |a Arxiu | ||
| 942 | |n 1 |2 udc |c MON | ||
| 952 | |0 0 |1 0 |4 0 |6 M1254 |7 1 |9 42357 |a Arxiu |b Arxiu |d 2016-12-01 |l 0 |o M-1-254 |p 8457 |r 2016-12-01 00:00:00 |w 2016-12-01 |y ARXIU | ||
| 999 | |c 44835 |d 44835 | ||